[Event "10th Lost Boys op"]
[Site "Amsterdam NED"]
[Date "2002.07.26"]
[Round "1.39"]
[White "Jens, Jelmer"]
[Black "Martinez Rodriguez, Pablo"]
[Result "1/2-1/2"]
[WhiteElo "2369"]
[BlackElo "2222"]
[EventDate "2002.07.26"]
[PlyCount "65"]

1.e4 c6 2.d4 d5 3.Nc3 dxe4 4.Nxe4 Bf5 5.Ng3 Bg6 6.h4 h6 7.Nf3 Nd7 8.h5 Bh7
9.Bd3 Bxd3 10.Qxd3 Ngf6 11.Bf4 Qa5+ 12.Bd2 Qc7 13.O-O-O e6 14.Ne4 O-O-O 
15.g3 Nc5 16.Nxc5 Bxc5 17.c4 Rd7 18.Bc3 Rhd8 19.Qe2 Bd6 20.Ne5 Bxe5 21.
dxe5 Rxd1+ 22.Rxd1 Rxd1+ 23.Kxd1 Nd7 24.Kc2 Qb6 25.f4 Qg1 26.Qf3 g6 27.
hxg6 fxg6 28.Qg4 Nc5 29.Qxg6 Qg2+ 30.Kd1 Qf3+ 31.Ke1 Qe3+ 32.Kf1 Qf3+ 33.
Ke1 1/2-1/2

[Event "10th Lost Boys op"]
[Site "Amsterdam NED"]
[Date "2002.07.26"]
[Round "1.40"]
[White "Wegerle, Jorg"]
[Black "Bertrem, Stijn"]
[Result "1-0"]
[WhiteElo "2365"]
[BlackElo "2220"]
[EventDate "2002.07.26"]
[PlyCount "39"]

1.c4 e5 2.g3 f5 3.Bg2 Nf6 4.Nc3 d6 5.d3 Be7 6.e3 c6 7.Nge2 Na6 8.Rb1 Nc7 
9.O-O O-O 10.b4 Bd7 11.b5 Ne6 12.d4 Qe8 13.Ba3 e4 14.d5 Nc5 15.bxc6 bxc6 
16.dxc6 Bxc6 17.Nd4 g6 18.Bxc5 dxc5 19.Ne6 Nd7 20.Nd5 1-0

[Event "10th Lost Boys op"]
[Site "Amsterdam NED"]
[Date "2002.07.26"]
[Round "1.41"]
[White "Leuw, Micha"]
[Black "Krnic, Zdenko"]
[Result "0-1"]
[WhiteElo "2220"]
[BlackElo "2365"]
[EventDate "2002.07.26"]
[PlyCount "84"]

1.d4 Nf6 2.c4 g6 3.Nc3 Bg7 4.e4 O-O 5.Nf3 c6 6.Bd3 d6 7.h3 Nbd7 8.e5 dxe5 
9.dxe5 Ne8 10.Qe2 Nc7 11.O-O Ne6 12.Bc2 Nxe5 13.Be3 Nxf3+ 14.Qxf3 Nd4 15.
Bxd4 Qxd4 16.Rfe1 Qxc4 17.Bb3 Qb4 18.Re4 Qc5 19.Rf4 e6 20.Rd1 Qe7 21.Ne4 
f5 22.Nd6 Kh8 23.Qe3 e5 24.Ra4 b5 25.Ra3 Be6 26.Bxe6 Qxe6 27.Rxa7 Kg8 28.
b3 e4 29.Rc7 Rxa2 30.Rxc6 Rb2 31.Qa7 Qxb3 32.Rdc1 Rb1 33.Rc7 Rxc1+ 34.Rxc1
b4 35.Qe7 Qb2 36.Rc5 Qf6 37.Qd7 Rd8 38.Rc8 Rxc8 39.Qxc8+ Bf8 40.Qc4+ Kh8 
41.Nb5 h5 42.Nc7 Qa1+ 0-1

[Event "10th Lost Boys op"]
[Site "Amsterdam NED"]
[Date "2002.07.26"]
[Round "1.42"]
[White "De Saegher, Chris"]
[Black "Van Wessel, Rudy"]
[Result "1/2-1/2"]
[WhiteElo "2217"]
[BlackElo "2360"]
[EventDate "2002.07.26"]
[PlyCount "41"]

1.d4 Nf6 2.Nf3 c5 3.d5 b5 4.Bg5 d6 5.Bxf6 exf6 6.e4 a6 7.a4 b4 8.Nbd2 g6 
9.Bd3 Nd7 10.Nc4 Qc7 11.O-O Bg7 12.Nfd2 O-O 13.a5 Bb7 14.c3 bxc3 15.bxc3 
Rab8 16.Ra3 f5 17.exf5 Bxd5 18.Ne3 Bb7 19.Qe2 Nf6 20.Bxa6 Ba8 21.Bb5 
1/2-1/2

[Event "10th Lost Boys op"]
[Site "Amsterdam NED"]
[Date "2002.07.26"]
[Round "1.43"]
[White "Rebers, Eugene"]
[Black "Van Helvoort, Rob A. M."]
[Result "1-0"]
[WhiteElo "2351"]
[BlackElo "2182"]
[EventDate "2002.07.26"]
[PlyCount "81"]

1.Nf3 c5 2.g3 Nc6 3.c4 e5 4.Nc3 g6 5.Bg2 Bg7 6.O-O Nge7 7.d3 d6 8.a3 O-O 
9.Rb1 a5 10.Ne1 Be6 11.Nc2 d5 12.cxd5 Nxd5 13.Ne3 Nde7 14.Bd2 f5 15.Na4 b6
16.b4 cxb4 17.axb4 f4 18.Nc4 f3 19.exf3 Bf5 20.Ncxb6 Bxd3 21.Nxa8 Bxb1 22.
bxa5 Bd3 23.Re1 Nd4 24.N8b6 Nc2 25.Nc5 Nxe1 26.Bxe1 Bf5 27.Qb3+ Rf7 28.f4 
e4 29.Nxe4 h6 30.Bb4 Kh7 31.h4 Rf8 32.Nd6 Rf6 33.Nb7 Qc7 34.Kh2 Nc6 35.Nc5
Nxb4 36.Qxb4 Bf8 37.Nd5 Bxc5 38.Nxf6+ Kg7 39.Ne8+ Kf8 40.Nxc7 Bxb4 41.a6 
1-0

[Event "10th Lost Boys op"]
[Site "Amsterdam NED"]
[Date "2002.07.26"]
[Round "1.44"]
[White "Muhren, Willem"]
[Black "Piasetski, Leon David"]
[Result "1-0"]
[WhiteElo "2182"]
[BlackElo "2350"]
[EventDate "2002.07.26"]
[PlyCount "73"]

1.e4 c5 2.d3 e6 3.g3 d5 4.Nd2 Bd6 5.Bg2 Ne7 6.f4 Nbc6 7.c3 b6 8.Qe2 Bc7 9.
Ngf3 Ba6 10.e5 Qd7 11.O-O O-O-O 12.Re1 h6 13.h4 g5 14.hxg5 Rdg8 15.Nf1 
hxg5 16.fxg5 Ng6 17.Bf4 f6 18.gxf6 Nxf4 19.gxf4 Qh7 20.Ng5 Rxg5 21.fxg5 
Nxe5 22.Rad1 Qh4 23.Qe3 Bxd3 24.Qg3 c4 25.Re3 Qh5 26.Rde1 Ng4 27.Qh3 Nxe3 
28.Qxe6+ Kb8 29.Qxe3 b5 30.Qf3 Bb6+ 31.Ne3 Qxg5 32.f7 Rf8 33.Kf2 Qe7 34.
Kg3 Bc7+ 35.Kf2 Bb6 36.Kg3 Rxf7 37.Nf5 1-0

[Event "10th Lost Boys op"]
[Site "Amsterdam NED"]
[Date "2002.07.26"]
[Round "1.47"]
[White "Roobol, Martin"]
[Black "Bakker, Sven"]
[Result "1-0"]
[WhiteElo "2338"]
[BlackElo "2149"]
[EventDate "2002.07.26"]
[PlyCount "67"]

1.e4 c6 2.d4 d5 3.e5 Bf5 4.Be3 Qb6 5.b3 e6 6.Nf3 c5 7.Be2 Nc6 8.O-O Bg4 9.
c3 cxd4 10.Nxd4 Bxe2 11.Qxe2 Qc7 12.f4 Nxd4 13.cxd4 Ne7 14.Rc1 Nc6 15.Nc3 
g6 16.a3 Be7 17.b4 Qd7 18.Kh1 Rc8 19.Ra2 f5 20.exf6 Bxf6 21.Qd3 O-O 22.
Rac2 Ne7 23.g4 Rc4 24.Ne4 Rxc2 25.Nxf6+ Rxf6 26.Qxc2 Rf8 27.Qc7 Rd8 28.f5 
Nc6 29.Qxd7 Rxd7 30.fxe6 Re7 31.b5 Na5 32.Rc8+ Kg7 33.Bf4 Kf6 34.Bc7 1-0

[Event "10th Lost Boys op"]
[Site "Amsterdam NED"]
[Date "2002.07.26"]
[Round "1.48"]
[White "Theulings, Paul-Peter"]
[Black "Afek, Yochanan"]
[Result "1/2-1/2"]
[WhiteElo "2133"]
[BlackElo "2329"]
[EventDate "2002.07.26"]
[PlyCount "175"]

1.Nf3 Nf6 2.c4 c5 3.Nc3 Nc6 4.g3 g6 5.Bg2 Bg7 6.d4 O-O 7.O-O d6 8.dxc5 
dxc5 9.Bf4 Be6 10.Ne5 Na5 11.Qa4 Nh5 12.Rfd1 Qb6 13.Nd5 Bxd5 14.cxd5 Nxf4 
15.gxf4 Rfd8 16.Rac1 c4 17.Nxc4 Nxc4 18.Qxc4 Bxb2 19.Rc2 Bf6 20.Qc7 Qb5 
21.e4 Rd7 22.Qc4 Qxc4 23.Rxc4 b5 24.Rc5 Rb8 25.e5 Bg7 26.Bh3 Rdb7 27.d6 
exd6 28.exd6 Rd8 29.Bc8 Rb6 30.d7 b4 31.Ra5 Bh6 32.Re1 Re6 33.Rae5 Bxf4 
34.Rxe6 fxe6 35.Rxe6 Kf7 36.Ra6 Bb8 37.Ra4 Ke7 38.Rxb4 Bc7 39.Re4+ Kd6 40.
Re8 Kc5 41.Kg2 Kd6 42.Kf3 Bb6 43.Ke4 Kc7 44.f4 Bc5 45.Kd5 Ba3 46.Ke6 Bc1 
47.Ke5 Bb2+ 48.Ke6 Bc1 49.Ke5 Bb2+ 50.Ke4 Bf6 51.Kd5 Bh4 52.Ke6 Be1 53.h3 
Bg3 54.Kf7 Bxf4 55.Kg7 h5 56.Kxg6 h4 57.Re4 Bg3 58.Rc4+ Kd6 59.Ra4 Bf2 60.
Kg5 Rf8 61.Kg6 Kc7 62.Rc4+ Kd8 63.Kg7 Rf3 64.Re4 Rd3 65.Kf7 Rf3+ 66.Kg7 
Rd3 67.Kf6 Rf3+ 68.Kg5 Rd3 69.Kg4 Rg3+ 70.Kf4 Rd3 71.Re8+ Kc7 72.Ke4 Rd6 
73.Kf3 Bg3 74.Re4 Rd3+ 75.Ke2 Rd5 76.Ra4 a5 77.Ke3 Re5+ 78.Kd3 Rd5+ 79.Kc3
Be5+ 80.Kc2 Bf6 81.Rc4+ Kd8 82.Rf4 Be7 83.Re4 Rd6 84.Kc3 Rd5 85.Kc4 Rc5+ 
86.Kb3 Rb5+ 87.Kc3 Rb4 88.Rxb4 1/2-1/2

[Event "10th Lost Boys op"]
[Site "Amsterdam NED"]
[Date "2002.07.27"]
[Round "2.4"]
[White "Nijboer, Friso"]
[Black "Vidarsson, Jon Gardar"]
[Result "1-0"]
[WhiteElo "2567"]
[BlackElo "2378"]
[EventDate "2002.07.26"]
[PlyCount "78"]

1.e4 c5 2.Nf3 e6 3.Nc3 a6 4.d4 b5 5.d5 Bb7 6.d6 b4 7.Na4 Bxe4 8.Be3 Bc6 9.
Nxc5 Nf6 10.Ne5 Nd5 11.Qf3 Qf6 12.Qxf6 gxf6 13.Nc4 Bb5 14.O-O-O Nc6 15.
Rxd5 Bxc4 16.Bxc4 exd5 17.Bxd5 Bxd6 18.Rd1 Be7 19.Be4 Bxc5 20.Bxc5 Rb8 21.
Bf5 Rb7 22.Bd3 a5 23.f4 h5 24.g3 Kd8 25.Ba6 Rb8 26.Bc4 Rh7 27.Rd6 Kc7 28.
Rxf6 Re8 29.Bd6+ Kc8 30.Ba6+ Kd8 31.Bd3 Rhh8 32.Rxf7 Re6 33.Bc5 h4 34.Bf5 
hxg3 35.hxg3 Rh1+ 36.Kd2 Rh2+ 37.Kd3 Ree2 38.Rxd7+ Ke8 39.Rd6 Rd2+ 1-0

[Event "10th Lost Boys op"]
[Site "Amsterdam NED"]
[Date "2002.07.27"]
[Round "2.5"]
[White "Sadvakasov, Darmen"]
[Black "Wegerle, Jorg"]
[Result "1-0"]
[WhiteElo "2534"]
[BlackElo "2365"]
[EventDate "2002.07.26"]
[PlyCount "63"]

1.e4 c5 2.Nf3 e6 3.g3 Nc6 4.Bg2 b6 5.O-O Bb7 6.Re1 Qc7 7.b3 d6 8.Bb2 Nf6 
9.c4 e5 10.Nc3 Be7 11.Nh4 Nd4 12.Nf5 g6 13.Nxe7 Qxe7 14.Ne2 h5 15.Nxd4 
cxd4 16.f4 h4 17.Bxd4 h3 18.Bf3 exd4 19.e5 O-O-O 20.exf6 Qxf6 21.Bxb7+ 
Kxb7 22.Qf3+ Kb8 23.a4 Rhe8 24.a5 Rxe1+ 25.Rxe1 d5 26.a6 d3 27.Re5 b5 28.
Rxd5 Rxd5 29.Qxd5 Qb6+ 30.Kf1 bxc4 31.Qxc4 Qa5 32.Qxd3 1-0

[Event "10th Lost Boys op"]
[Site "Amsterdam NED"]
[Date "2002.07.27"]
[Round "2.8"]
[White "Erwich, Marc"]
[Black "Jonkman, Harmen"]
[Result "1/2-1/2"]
[WhiteElo "2376"]
[BlackElo "2497"]
[EventDate "2002.07.26"]
[PlyCount "82"]

1.e4 e5 2.Nf3 Nc6 3.d4 exd4 4.Nxd4 Nf6 5.Nxc6 bxc6 6.e5 Qe7 7.Qe2 Nd5 8.c4
Ba6 9.b3 g5 10.g3 Bg7 11.Bb2 O-O-O 12.Bg2 Rhe8 13.O-O Bxe5 14.Qxe5 Qxe5 
15.Bxe5 Rxe5 16.cxd5 Bxf1 17.Kxf1 cxd5 18.Nc3 c6 19.Rd1 Kc7 20.Bf3 Rb8 21.
Rd4 a5 22.Ra4 Rbe8 23.Rxa5 Re1+ 24.Kg2 f5 25.h3 Ra1 26.Ne2 Kd6 27.g4 f4 
28.h4 h6 29.Ra7 Re7 30.Nd4 Ree1 31.Nf5+ Ke6 32.Nxh6 Rh1 33.Bxd5+ cxd5 34.
hxg5 d4 35.Kf3 Rxh6 36.gxh6 d3 37.h7 d2 38.h8=Q d1=Q+ 39.Kxf4 Qd2+ 40.Kf3 
Qd5+ 41.Kf4 Qd2+ 1/2-1/2

[Event "10th Lost Boys op"]
[Site "Amsterdam NED"]
[Date "2002.07.27"]
[Round "2.9"]
[White "De Vreugt, Dennis"]
[Black "Roobol, Martin"]
[Result "1-0"]
[WhiteElo "2477"]
[BlackElo "2338"]
[EventDate "2002.07.26"]
[PlyCount "81"]

1.e4 c5 2.Nf3 d6 3.d4 cxd4 4.Nxd4 Nf6 5.Nc3 g6 6.Be3 Bg7 7.f3 O-O 8.Qd2 
Nc6 9.Bc4 Bd7 10.Bb3 Qa5 11.O-O-O Rfc8 12.g4 Ne5 13.h4 Nc4 14.Bxc4 Rxc4 
15.Nb3 Qc7 16.h5 Rc8 17.hxg6 fxg6 18.Kb1 Be6 19.Bd4 a5 20.Bxf6 Bxf6 21.Nd5
Rxc2 22.Nxc7 Rxd2 23.Rxd2 Bxb3 24.Nd5 Bxd5 25.Rxd5 b6 26.Rc1 Rf8 27.f4 Bh4
28.Rf1 Bg3 29.f5 h5 30.Rb5 h4 31.Rxb6 gxf5 32.exf5 Kf7 33.g5 Rh8 34.Rb7 h3
35.f6 h2 36.Rxe7+ Kg6 37.Rg7+ Kh5 38.f7 Kg4 39.Rg8 h1=Q 40.Rxh1 Rxh1+ 41.
Kc2 1-0

[Event "10th Lost Boys op"]
[Site "Amsterdam NED"]
[Date "2002.07.27"]
[Round "2.10"]
[White "Handke, Florian"]
[Black "Muhren, Willem"]
[Result "1-0"]
[WhiteElo "2471"]
[BlackElo "2182"]
[EventDate "2002.07.26"]
[PlyCount "51"]

1.e4 d6 2.d4 Nf6 3.Bd3 e5 4.c3 d5 5.dxe5 Nxe4 6.Nd2 Nc5 7.Bb1 Nc6 8.Ngf3 
Bg4 9.O-O Be7 10.b4 Nd7 11.Qa4 Nb6 12.Qc2 Qd7 13.a4 a6 14.Re1 g6 15.Ba2 
O-O 16.a5 Nc8 17.Qd3 d4 18.Nxd4 Bxb4 19.e6 fxe6 20.Rxe6 Kh8 21.Rxc6 Be7 
22.Rxg6 Bf5 23.Qxf5 Qxf5 24.Nxf5 hxg6 25.Nxe7 Nxe7 26.Ba3 1-0

[Event "10th Lost Boys op"]
[Site "Amsterdam NED"]
[Date "2002.07.27"]
[Round "2.11"]
[White "Krnic, Zdenko"]
[Black "Berkvens, Joost"]
[Result "1-0"]
[WhiteElo "2365"]
[BlackElo "2467"]
[EventDate "2002.07.26"]
[PlyCount "109"]

1.Nf3 Nf6 2.c4 g6 3.b4 Bg7 4.Bb2 O-O 5.e3 b6 6.Be2 c5 7.bxc5 bxc5 8.O-O 
Nc6 9.Nc3 d6 10.Rb1 Bf5 11.d3 Rb8 12.Ba1 Qa5 13.Qd2 Rfd8 14.Rfc1 Kf8 15.h3
h6 16.Rb5 Rxb5 17.cxb5 Ne5 18.d4 Nxf3+ 19.Bxf3 cxd4 20.exd4 d5 21.Qe3 Be6 
22.Be2 Ne8 23.Bd3 g5 24.Rb1 Rc8 25.Bf1 Nd6 26.g4 Nc4 27.Qd3 Nb6 28.Qe3 Nc4
29.Qd3 Nb6 30.Qe3 Bf6 31.Rb3 Nc4 32.Qd3 Nd6 33.Qe3 Nc4 34.Qd3 Nd6 35.Qe3 
h5 36.Rb1 hxg4 37.hxg4 Nc4 38.Qd3 Qc7 39.Bg2 Nb6 40.a4 Qf4 41.a5 Bxd4 42.
Nd1 Bxa1 43.axb6 Bd4 44.b7 Rb8 45.Ne3 Bxe3 46.fxe3 Qe5 47.e4 d4 48.b6 Rxb7
49.Rb5 Qb8 50.e5 Rxb6 51.Qh7 f6 52.Qh8+ Bg8 53.Bd5 e6 54.Qh6+ Ke8 55.Bc6+ 
1-0

[Event "10th Lost Boys op"]
[Site "Amsterdam NED"]
[Date "2002.07.27"]
[Round "2.12"]
[White "Span, Paul"]
[Black "Vesterbaek Pedersen, Nicolai"]
[Result "0-1"]
[WhiteElo "2294"]
[BlackElo "2458"]
[EventDate "2002.07.26"]
[PlyCount "80"]

1.e4 e5 2.Nf3 Nc6 3.Bb5 Nf6 4.O-O Nxe4 5.d4 Nd6 6.Bxc6 dxc6 7.dxe5 Nf5 8.
Qxd8+ Kxd8 9.Nc3 Bd7 10.h3 Kc8 11.Bf4 b6 12.Rad1 h6 13.g4 Ne7 14.Bg3 c5 
15.Rd3 Be6 16.Rfd1 Kb7 17.Nd2 h5 18.f3 Nc6 19.Nde4 Nd4 20.R1d2 Be7 21.b3 
a5 22.Kg2 Rad8 23.Nd1 hxg4 24.hxg4 Nxc2 25.Rxd8 Rxd8 26.Rxd8 Bxd8 27.Bf4 
Nb4 28.Ndc3 c4 29.bxc4 Bxc4 30.a4 Nd3 31.Bg3 Nb2 32.f4 Bb3 33.f5 Nxa4 34.
Kh3 Nxc3 35.Nxc3 a4 36.Nb5 Kc6 37.Nd4+ Kd5 38.Nb5 c6 39.Na3 b5 40.Be1 Be7 
0-1

[Event "10th Lost Boys op"]
[Site "Amsterdam NED"]
[Date "2002.07.27"]
[Round "2.13"]
[White "Prakken, Gerrit"]
[Black "Bosboom, Manuel"]
[Result "0-1"]
[WhiteElo "2290"]
[BlackElo "2451"]
[EventDate "2002.07.26"]
[PlyCount "46"]

1.d4 Nf6 2.Nf3 a6 3.c4 c5 4.e3 e6 5.Nc3 d5 6.cxd5 exd5 7.Be2 Nc6 8.O-O Bd6
9.dxc5 Bxc5 10.b3 O-O 11.Bb2 Ba7 12.Rc1 Re8 13.Qd3 Be6 14.Rfd1 Qe7 15.Qb1 
Rad8 16.Na4 Ne4 17.Bd4 Nxd4 18.Nxd4 Bd7 19.Qb2 Nxf2 20.Kxf2 Qxe3+ 21.Kf1 
Bxa4 22.bxa4 Re4 23.Rc2 Rxd4 0-1

[Event "10th Lost Boys op"]
[Site "Amsterdam NED"]
[Date "2002.07.27"]
[Round "2.14"]
[White "Vedder, Richard"]
[Black "Shirazi, Kamran"]
[Result "1/2-1/2"]
[WhiteElo "2232"]
[BlackElo "2448"]
[EventDate "2002.07.26"]
[PlyCount "123"]

1.e4 c5 2.Nf3 a6 3.g3 b5 4.Bg2 Bb7 5.d3 g6 6.O-O Bg7 7.Nc3 Nc6 8.Be3 Nd4 
9.Nh4 b4 10.Na4 Qa5 11.c3 Bc6 12.Nxc5 bxc3 13.bxc3 Qxc3 14.Rc1 Qb2 15.Bxd4
Bxd4 16.Nb3 Bg7 17.Rc2 Qa3 18.d4 Nh6 19.Qc1 Qxc1 20.Rfxc1 Rd8 21.d5 Bb5 
22.Bf1 O-O 23.Bxb5 axb5 24.Rc5 Ra8 25.R1c2 Ra4 26.Rxb5 Rxe4 27.Kf1 d6 28.
Re2 f5 29.Nf3 Rxe2 30.Kxe2 Rc8 31.a4 Rc2+ 32.Kd3 Rc3+ 33.Ke2 Bf6 34.Nfd4 
Kf7 35.a5 Ng4 36.f4 h6 37.Ne6 Rc2+ 38.Kd3 Rxh2 39.a6 Ra2 40.Ra5 Nf2+ 41.
Kc4 Rc2+ 42.Kb5 Rc8 43.a7 Ne4 44.Kb6 Ra8 45.Nc7 Rxa7 46.Rxa7 Nxg3 47.Nb5 
Ne4 48.N3d4 Bh4 49.Kc6 Bf2 50.Ra3 Kf6 51.Rh3 h5 52.Ne6 h4 53.Nc3 Bg3 54.
Ne2 Nf2 55.Rxg3 hxg3 56.Nxg3 Ne4 57.Nxe4+ fxe4 58.Nd4 g5 59.fxg5+ Kxg5 60.
Kb5 Kf4 61.Kc4 e3 62.Kd3 1/2-1/2

[Event "10th Lost Boys op"]
[Site "Amsterdam NED"]
[Date "2002.07.27"]
[Round "2.15"]
[White "Werle, Jan"]
[Black "Geirnaert, Steven"]
[Result "1-0"]
[WhiteElo "2443"]
[BlackElo "2160"]
[EventDate "2002.07.26"]
[PlyCount "63"]

1.Nf3 Nf6 2.c4 c5 3.Nc3 d6 4.d4 b6 5.e4 cxd4 6.Nxd4 Bb7 7.Qe2 a6 8.g4 h6 
9.Bg2 e6 10.h4 Nfd7 11.g5 hxg5 12.hxg5 Rxh1+ 13.Bxh1 g6 14.Be3 Qc7 15.Rc1 
Nc6 16.Nxc6 Bxc6 17.Bd4 Bb7 18.f4 Be7 19.Bf3 Rc8 20.b3 d5 21.exd5 Qxf4 22.
Be3 Qg3+ 23.Qf2 Qxf2+ 24.Kxf2 Ne5 25.Be2 Bc5 26.Ne4 Bxe3+ 27.Kxe3 Ke7 28.
d6+ Kd7 29.Kf4 Bxe4 30.Kxe5 Bb7 31.b4 a5 32.Rf1 1-0

[Event "10th Lost Boys op"]
[Site "Amsterdam NED"]
[Date "2002.07.27"]
[Round "2.16"]
[White "Sutovsky, Emil"]
[Black "Wustefeld, Emile"]
[Result "1-0"]
[WhiteElo "2658"]
[BlackElo "2295"]
[EventDate "2002.07.26"]
[PlyCount "103"]

1.e4 e6 2.d4 d5 3.Nc3 Nf6 4.Bg5 Be7 5.e5 Nfd7 6.Bxe7 Qxe7 7.f4 O-O 8.Nf3 
c5 9.dxc5 Nc6 10.Bd3 f6 11.exf6 Qxf6 12.g3 Nxc5 13.O-O Bd7 14.Bb5 Rad8 15.
Bxc6 Bxc6 16.Qd4 b6 17.Rae1 Bb7 18.Ne5 Ne4 19.Rd1 Nd6 20.Qa4 Qe7 21.Qxa7 
Qc7 22.Qa4 Nf5 23.Nb5 Qc5+ 24.Rf2 d4 25.Qb3 Rfe8 26.a4 Ne3 27.Re1 Rd5 28.
Nxd4 Rxe5 29.fxe5 Qxd4 30.Rxe3 Qd1+ 31.Rf1 Qd2 32.Ref3 Bxf3 33.Qxf3 Qd7 
34.b3 h6 35.Qd3 Qc7 36.Qg6 Re7 37.Qe4 Qc5+ 38.Kg2 Rd7 39.Qa8+ Kh7 40.Qe4+ 
Kg8 41.Rf2 Rd4 42.Qe2 Qd5+ 43.Kh3 Re4 44.Qd2 Qxe5 45.Qd8+ Kh7 46.Qxb6 Re2 
47.Rxe2 Qxe2 48.Qb5 Qxc2 49.a5 e5 50.Qxe5 Qxb3 51.Qf5+ Kg8 52.a6 1-0

[Event "10th Lost Boys op"]
[Site "Amsterdam NED"]
[Date "2002.07.27"]
[Round "2.17"]
[White "Dambacher, Martijn"]
[Black "Timman, Jan"]
[Result "1/2-1/2"]
[WhiteElo "2297"]
[BlackElo "2623"]
[EventDate "2002.07.26"]
[PlyCount "100"]

1.e4 d6 2.d4 Nf6 3.Nc3 g6 4.g3 Bg7 5.Bg2 O-O 6.Nge2 Nbd7 7.h3 c5 8.Be3 
cxd4 9.Bxd4 Ne5 10.f4 Nc6 11.Be3 Be6 12.O-O Bc4 13.Qd2 Rc8 14.Rfd1 Qa5 15.
Nd4 Nxd4 16.Bxd4 e5 17.fxe5 dxe5 18.Be3 b6 19.Kh2 Be6 20.Nd5 Qxd2 21.Rxd2 
Bxd5 22.exd5 Rfd8 23.a4 e4 24.d6 Nd7 25.c3 Ne5 26.Bxe4 Nc4 27.Re2 Rxd6 28.
Bf4 Re6 29.Rae1 Rce8 30.Bc1 h5 31.Kg2 Rd8 32.Bc2 Rxe2+ 33.Rxe2 Bf6 34.Bb3 
Ne5 35.Bc2 Kg7 36.Bf4 Nc4 37.Bb3 Rc8 38.g4 hxg4 39.hxg4 Rc5 40.Bc1 Bg5 41.
Bxg5 Rxg5 42.Re7 a5 43.Kh3 Rc5 44.Rb7 Nxb2 45.Bxf7 g5 46.Bb3+ Kf8 47.Rxb6 
Rxc3+ 48.Kg2 Nd3 49.Rb5 Nf4+ 50.Kf2 Ke7 1/2-1/2

[Event "10th Lost Boys op"]
[Site "Amsterdam NED"]
[Date "2002.07.27"]
[Round "2.18"]
[White "Witt, Rob"]
[Black "Halkias, Stelios"]
[Result "1/2-1/2"]
[WhiteElo "2308"]
[BlackElo "2550"]
[EventDate "2002.07.26"]
[PlyCount "152"]

1.Nf3 d5 2.d4 Nf6 3.c4 e6 4.Nc3 dxc4 5.e3 a6 6.Bxc4 b5 7.Bd3 Bb7 8.O-O 
Nbd7 9.Qe2 c5 10.b3 Qb8 11.Bb2 Bd6 12.h3 O-O 13.Rad1 Rd8 14.Rfe1 Qc7 15.
Rc1 Rac8 16.Nb1 Qb8 17.Nbd2 cxd4 18.Nxd4 Ne5 19.Bb1 Bb4 20.Red1 Rxc1 21.
Rxc1 Qa8 22.N4f3 Ng6 23.e4 Qa7 24.g3 h6 25.a3 Be7 26.b4 h5 27.Nb3 h4 28.
Nxh4 Nxh4 29.gxh4 Ba8 30.Be5 Nd7 31.Bg3 e5 32.Na5 Qb6 33.Kh2 Nf8 34.Ba2 
Ne6 35.Qg4 Nf4 36.Qf5 Bf6 37.Rc8 g6 38.Qd7 Rxc8 39.Bxf7+ Kg7 40.Qxc8 Bxe4 
41.Qg8+ Kh6 42.Nb3 Bf5 43.Qf8+ Bg7 44.Qe7 Bf6 45.Qf8+ Bg7 46.Qe7 Nh5 47.
Nc5 Qc6 48.Ne6 Nxg3 49.Qg5+ Kh7 50.Qxg3 Bf6 51.h5 g5 52.Nxg5+ Kh6 53.Nf3 
Qe4 54.Be8 Qf4 55.Bc6 Bc8 56.Kg2 Qf5 57.Nh2 Qxh5 58.Ng4+ Bxg4 59.Qxg4 
Qxg4+ 60.hxg4 e4 61.Bxe4 Kg5 62.Kf3 Bb2 63.Bf5 Bxa3 64.Ke4 Bxb4 65.f4+ Kf6
66.g5+ Kg7 67.Bc8 a5 68.Bd7 a4 69.Bxb5 a3 70.Bc4 Be7 71.Kf5 Bd8 72.Ba2 Be7
73.Bb1 Bd8 74.Ke6 Bxg5 75.fxg5 a2 76.Bxa2 Kg6 1/2-1/2

[Event "10th Lost Boys op"]
[Site "Amsterdam NED"]
[Date "2002.07.27"]
[Round "2.19"]
[White "Shchekachev, Andrei"]
[Black "Vogel, Jaap"]
[Result "1-0"]
[WhiteElo "2546"]
[BlackElo "2266"]
[EventDate "2002.07.26"]
[PlyCount "50"]

1.c4 e6 2.Nc3 Bb4 3.Qb3 a5 4.a3 Bxc3 5.Qxc3 Nf6 6.d4 d6 7.f3 Nbd7 8.e4 e5 
9.Be3 O-O 10.Nh3 Re8 11.Be2 Nf8 12.Nf2 Ng6 13.O-O-O Qe7 14.g4 Nd7 15.g5 
exd4 16.Rxd4 Nc5 17.h4 Qe5 18.Bd1 Qg3 19.h5 Ne5 20.f4 Ne6 21.fxe5 Nxd4 22.
Qxd4 dxe5 23.Qc3 Bd7 24.Qe1 Ra6 25.Nd3 Rd6 1-0

[Event "10th Lost Boys op"]
[Site "Amsterdam NED"]
[Date "2002.07.27"]
[Round "2.20"]
[White "Van Egmond, Rogier Marcel"]
[Black "Ernst, Sipke"]
[Result "1/2-1/2"]
[WhiteElo "2276"]
[BlackElo "2469"]
[EventDate "2002.07.26"]
[PlyCount "44"]

1.c4 Nf6 2.g3 g6 3.Bg2 Bg7 4.Nc3 O-O 5.e4 d6 6.Nge2 c5 7.O-O Nc6 8.d3 Rb8 
9.b3 Ne8 10.f4 a6 11.Be3 b5 12.Qd2 Nd4 13.Rae1 f5 14.exf5 gxf5 15.Bf2 Qa5 
16.Qd1 bxc4 17.Nxd4 cxd4 18.Nd5 Kh8 19.Nxe7 Bb7 20.Qh5 Bxg2 21.Ng6+ Kg8 
22.Ne7+ Kh8 1/2-1/2

[Event "10th Lost Boys op"]
[Site "Amsterdam NED"]
[Date "2002.07.27"]
[Round "2.21"]
[White "Janssen, Ruud"]
[Black "Blanchard, Jack"]
[Result "1-0"]
[WhiteElo "2468"]
[BlackElo "2255"]
[EventDate "2002.07.26"]
[PlyCount "71"]

1.d4 d5 2.c4 c6 3.Nf3 Be6 4.Nc3 Nf6 5.Qb3 Qb6 6.c5 Qc7 7.Bf4 Qc8 8.h3 h6 
9.e3 Bf5 10.Be2 e6 11.O-O Be7 12.Qd1 b6 13.b4 O-O 14.Bh2 Nbd7 15.a3 Qb7 
16.Nd2 a5 17.Qb3 axb4 18.axb4 Rfe8 19.Rfc1 Bf8 20.Bf1 Bh7 21.Na4 b5 22.Nc3
e5 23.Ra5 Rxa5 24.bxa5 exd4 25.exd4 Qa7 26.Ra1 Nxc5 27.dxc5 Bxc5 28.Bg3 
Nh5 29.Ne2 Nxg3 30.Qxg3 Bc2 31.Rc1 Ba4 32.Nf4 Bd6 33.Qg4 Bxf4 34.Qxf4 Qxa5
35.Rxc6 d4 36.Rd6 1-0

[Event "10th Lost Boys op"]
[Site "Amsterdam NED"]
[Date "2002.07.27"]
[Round "2.22"]
[White "Stellwagen, Daniel"]
[Black "Wunnink, Michael"]
[Result "1-0"]
[WhiteElo "2464"]
[BlackElo "2255"]
[EventDate "2002.07.26"]
[PlyCount "119"]

1.e4 c5 2.Nf3 d6 3.d4 cxd4 4.Nxd4 Nf6 5.Nc3 a6 6.Be2 e5 7.Nb3 Be7 8.O-O 
O-O 9.a4 Nc6 10.f4 exf4 11.Bxf4 Be6 12.Kh1 Rc8 13.Nd4 Ne5 14.Qd2 Re8 15.
Rad1 Qb6 16.Nxe6 fxe6 17.Be3 Qc6 18.Bd3 Rf8 19.Bd4 Nfd7 20.b3 Bf6 21.Be2 
h6 22.Qe3 Nf7 23.Bxf6 Nxf6 24.Bc4 Rce8 25.h3 Ne5 26.Rd4 Kh7 27.Rfd1 Qb6 
28.Qe2 Qa5 29.Qd2 Rc8 30.Nd5 Nxc4 31.Nxf6+ gxf6 32.Rxc4 Qxd2 33.Rxd2 Rxc4 
34.bxc4 Rd8 35.c5 d5 36.Rd4 f5 37.exf5 e5 38.Rb4 Rd7 39.g4 Kg7 40.Rb6 Rc7 
41.Rg6+ Kh7 42.Re6 e4 43.Kg2 Rxc5 44.Kg3 Rc3+ 45.Kh4 Rxc2 46.Re7+ Kg8 47.
Kh5 Rc6 48.Rd7 b5 49.Rxd5 b4 50.a5 Rc8 51.Rd6 Re8 52.Kg6 b3 53.f6 Rb8 54.
Rd7 Rc8 55.Rg7+ Kf8 56.Rh7 Ke8 57.Rh8+ Kd7 58.Rxc8 Kxc8 59.f7 b2 60.f8=Q+ 
1-0

[Event "10th Lost Boys op"]
[Site "Amsterdam NED"]
[Date "2002.07.27"]
[Round "2.23"]
[White "Kritz, Leonid"]
[Black "Willemze, Thomas"]
[Result "1-0"]
[WhiteElo "2454"]
[BlackElo "2253"]
[EventDate "2002.07.26"]
[PlyCount "75"]

1.Nf3 c5 2.Nc3 Nc6 3.d4 cxd4 4.Nxd4 g6 5.Nxc6 bxc6 6.e4 Bg7 7.Bc4 e6 8.O-O
Ne7 9.Qd6 Qa5 10.Bf4 Qb6 11.Na4 Qd4 12.Qxd4 Bxd4 13.Rad1 Bg7 14.Bd6 f5 15.
f3 Ng8 16.e5 Nh6 17.f4 Nf7 18.Bc7 g5 19.g3 Rg8 20.Kh1 gxf4 21.gxf4 c5 22.
Nxc5 Bf8 23.Be2 Bxc5 24.Bf3 Ba6 25.Bxa8 d5 26.Rg1 Rxg1+ 27.Rxg1 Bxg1 28.
Bc6+ Ke7 29.Kxg1 Nh8 30.Kf2 Ng6 31.Kf3 Bf1 32.Bb8 a6 33.Bb7 Kd7 34.a4 a5 
35.Kf2 Bh3 36.b4 Ne7 37.bxa5 Nc6 38.a6 1-0

[Event "10th Lost Boys op"]
[Site "Amsterdam NED"]
[Date "2002.07.27"]
[Round "2.24"]
[White "Solleveld, Maarten"]
[Black "Giddins, Stephen"]
[Result "1-0"]
[WhiteElo "2451"]
[BlackElo "2249"]
[EventDate "2002.07.26"]
[PlyCount "119"]

1.e4 e5 2.Nf3 Nc6 3.Bb5 Nf6 4.O-O Nxe4 5.Qe2 Nd6 6.Bxc6 dxc6 7.Qxe5+ Qe7 
8.Qa5 Be6 9.Re1 Nc4 10.Qc3 O-O-O 11.Nd4 Qf6 12.Nxe6 Qxc3 13.Nxc3 Re8 14.d3
Nb6 15.Bf4 Rxe6 16.Rxe6 fxe6 17.Re1 Kd7 18.Be5 Rg8 19.Ne4 Bd6 20.Bd4 e5 
21.Bc3 Na4 22.Bd2 Re8 23.b3 Nc5 24.Bc3 Nxe4 25.Rxe4 Re7 26.Kf1 Ke8 27.Ke2 
Kf7 28.d4 exd4 29.Rxe7+ Bxe7 30.Bxd4 a6 31.Kd3 h5 32.Ke4 g6 33.f3 Ke6 34.
c4 Bd6 35.h3 c5 36.Be3 c6 37.Bg5 Bg3 38.Bd8 b5 39.Bg5 bxc4 40.bxc4 Be5 41.
g4 Bc7 42.gxh5 gxh5 43.f4 Bd6 44.f5+ Kf7 45.Bf4 Bf8 46.Be5 Be7 47.Kf4 Bd8 
48.Bd6 Kf6 49.Bxc5 Bc7+ 50.Ke4 Bg3 51.Bb6 Bd6 52.Bd8+ Kf7 53.Bg5 Bg3 54.
Bf4 Bh4 55.a4 Be7 56.Ke5 Bc5 57.Bg5 Bf8 58.Bd8 Bc5 59.f6 Bb4 60.Be7 1-0

[Event "10th Lost Boys op"]
[Site "Amsterdam NED"]
[Date "2002.07.27"]
[Round "2.27"]
[White "Klinova, Masha"]
[Black "Salakhutdinov, Ildar"]
[Result "0-1"]
[WhiteElo "2407"]
[BlackElo "2238"]
[EventDate "2002.07.26"]
[PlyCount "90"]

1.e4 e6 2.d3 d5 3.Nd2 dxe4 4.dxe4 e5 5.Ngf3 Nd7 6.Bc4 g6 7.O-O Bg7 8.a4 
Nh6 9.c3 O-O 10.b4 Kh8 11.Re1 f5 12.exf5 gxf5 13.Nf1 Qf6 14.Ng3 e4 15.Nd4 
Ne5 16.Nh5 Qh4 17.g3 Qd8 18.Nxg7 Kxg7 19.Bf1 Nhf7 20.Qh5 Qf6 21.Bf4 Kh8 
22.Rad1 b6 23.b5 Ng6 24.Bc1 Nfe5 25.Bg5 Qf7 26.f4 Ng4 27.Bh3 Nxf4 28.Qh4 
Nxh3+ 29.Qxh3 f4 30.Bxf4 Nf2 31.Qg2 Nxd1 32.Qxe4 Bf5 33.Qe5+ Kg8 34.Rxd1 
Bg6 35.Nc6 Rfe8 36.Qxc7 Qxc7 37.Bxc7 Be4 38.Bd6 a6 39.Rd4 Re6 40.Ne5 axb5 
41.axb5 Ra2 42.Ng4 Bf5 43.Be5 h5 44.Nf6+ Kf7 45.Rd7+ Re7 0-1